<?xml version="1.0" encoding="UTF-8"?>
<record
    xmlns:xsi="http://www.w3.org/2001/XMLSchema-instance"
    xsi:schemaLocation="http://www.loc.gov/MARC21/slim http://www.loc.gov/standards/marcxml/schema/MARC21slim.xsd"
    xmlns="http://www.loc.gov/MARC21/slim">

  <leader>00877nam a2200229 i 4500</leader>
  <controlfield tag="001">34052</controlfield>
  <controlfield tag="003">ES-MaACL</controlfield>
  <controlfield tag="005">20250630225025.0</controlfield>
  <controlfield tag="007">t|</controlfield>
  <controlfield tag="008">030204s1968    sp           ||||1| spa d</controlfield>
  <datafield tag="100" ind1="1" ind2=" ">
    <subfield code="a">Boekhoff, Hermann.</subfield>
    <subfield code="9">29742</subfield>
  </datafield>
  <datafield tag="245" ind1="1" ind2="0">
    <subfield code="a">Historia de la cultura oriental / </subfield>
    <subfield code="c">bajo la direcci&#xF3;n de Hermann Boekhoff y Fritz Winzer ; pr&#xF3;logo... Luis Pericot Garc&#xED;a ; [traducci&#xF3;n por Luis Carroggi&#xF3; de Molina, Luis Correal Cubells, Michael Faber Kaiser].</subfield>
  </datafield>
  <datafield tag="260" ind1=" " ind2=" ">
    <subfield code="a">Barcelona, etc. : </subfield>
    <subfield code="b">Labor, </subfield>
    <subfield code="c">[1968]</subfield>
  </datafield>
  <datafield tag="300" ind1=" " ind2=" ">
    <subfield code="a">571 p., 62 l&#xE1;m. ; </subfield>
    <subfield code="c">30 cm.</subfield>
  </datafield>
  <datafield tag="700" ind1="1" ind2=" ">
    <subfield code="a">Winzer, Fritz.</subfield>
    <subfield code="9">117128</subfield>
  </datafield>
  <datafield tag="700" ind1="1" ind2=" ">
    <subfield code="a">Pericot, Luis,</subfield>
    <subfield code="d">1899-1978</subfield>
    <subfield code="9">91262</subfield>
  </datafield>
  <datafield tag="700" ind1="1" ind2=" ">
    <subfield code="a">Carroggi&#xF3; de Molina, Luis.</subfield>
    <subfield code="9">35837</subfield>
  </datafield>
  <datafield tag="700" ind1="1" ind2=" ">
    <subfield code="a">Correal Cubells, Luis.</subfield>
    <subfield code="9">40764</subfield>
  </datafield>
  <datafield tag="700" ind1="0" ind2=" ">
    <subfield code="a">Faber-Kaiser, Michael.</subfield>
    <subfield code="9">48510</subfield>
  </datafield>
  <datafield tag="852" ind1=" " ind2=" ">
    <subfield code="a">ES-MaACL</subfield>
    <subfield code="j">C-35640 </subfield>
    <subfield code="b">R.68693</subfield>
  </datafield>
  <datafield tag="999" ind1=" " ind2=" ">
    <subfield code="c">34052</subfield>
    <subfield code="d">34052</subfield>
  </datafield>
  <datafield tag="952" ind1=" " ind2=" ">
    <subfield code="0">0</subfield>
    <subfield code="1">0</subfield>
    <subfield code="4">0</subfield>
    <subfield code="7">0</subfield>
    <subfield code="a">ATENEOM</subfield>
    <subfield code="b">ATENEOM</subfield>
    <subfield code="c">DEPO2</subfield>
    <subfield code="d">2008-01-17</subfield>
    <subfield code="e">SC</subfield>
    <subfield code="l">0</subfield>
    <subfield code="o">C-35640</subfield>
    <subfield code="p">1035498</subfield>
    <subfield code="r">2023-02-23 00:00:00</subfield>
    <subfield code="w">2023-02-23</subfield>
    <subfield code="y">MONOGRAFIA</subfield>
  </datafield>
</record>
